|
|
|
|
| LEADER |
00620nab a2200169 i 4500 |
| 001 |
misc8543 |
| 005 |
20191106143837.0 |
| 008 |
170607s1909 hu o 0|| hun d |
| 022 |
|
|
|a 0025-0260
|
| 040 |
|
|
|a SZTE Miscellanea Repozitórium
|b hun
|
| 041 |
|
|
|a hun
|
| 245 |
0 |
3 |
|a Az internátusok Franciaországban
|h [elektronikus dokumentum]
|
| 260 |
|
|
|c 1909
|
| 300 |
|
|
|a 376
|
| 490 |
0 |
|
|a Magyar pedagógia : a Magyar Tudományos Akadémia Pedagógiai Bizottságának folyóirata
|v 18
|
| 695 |
|
|
|a Oktatásügy Franciaország, Internátus, Lapszemle
|
| 856 |
4 |
0 |
|u http://misc.bibl.u-szeged.hu/8543/1/mp_1909_1411_376.pdf
|z Dokumentum-elérés
|